01968cam a22003854i 4500003000900000005001700009008004100026035002000067040003300087100004400120245018300164264001000347300004000357336002100397337002500418338002300443502005900466504002400525520088800549526001001437526001001447526000901457526000901466526000901475526000901484526000901493526000901502526000901511526000801520526000801528526000801536526000801544526000801552650002201560PE-LiUPU20250731165423.0160118s2014 pe a grm 000 0 spa d a(Sirsi) a155784 aPE-LiUPUbspacPE-LiUPUerda1 aPillaca Tineo, Mercedes Felicitaeautor1 aFactores socioeconómico-culturales relacionados con el nivel de práctica de automedicación de los pobladores de pachacútec de Santa Clara, 2013 /cMercedes Pillaca Tineo. 0c2014. a113 hojas : bilustraciones;c30 cm atext2rdacontent aunmediated2rdamedia avolume2rdacarrier aTesisb(Lic.) -- cUniversidad Peruana Unión,d2014. aIncluye referencias3 aLa presente investigación, tuvo su inicio en la observación inquieta de la investigadora, quien llegó a formularse el siguiente objetivo que orientó la dirección de la investigación: determinar cómo están asociados los factores socioeconómico-culturales y el nivel de práctica de automedicación en los pobladores del AA HH Pachacutec de Santa Cara, en el año 2013. Con relación a la metodología empleada, el tipo de investigación corresponde al descriptivo-correlacional. La muestra estuvo conformada por 160 pobladores, elegidos por el muestreo no probabilístico, quienes practicaban la automedicación de manera muy recurrente. El cuestionario que se les administró constó de 21 ítems referidos a conocer los factores sociales, económicos y culturales y las prácticas de automedicación, el mismo que fue validado por juicio de expertos. aSEG44 aSEG26 aP151 aP150 aP149 aP146 aP145 aP126 aP125 aP92 aP75 aP74 aP27 aP1504aAutomedicación.